Culture Générale - Clic Quiz - 100 Françaises - Statistiques

Statistiques générales
  • Ce quiz a été pris 91 fois
  • Le résultat moyen est 32 sur 100
Statistiques - réponses
Hint Réponse % Correct
Claire Chazal Journal de 20h de TF1
79%
Anne-Sophie Lapix Journal de 20h de TF1
74%
Roselyne Bachelot Ministre de la Culture
74%
Rachida Dati Ministre de la Culture
74%
Marie Curie Prix Nobel
73%
Catherine Deneuve Actrice dans "Huit Femmes" Film 2002
72%
Marie-José Pérec Médaillée Mondiaux d' Athlétisme
72%
Patricia Kaas Chanteuse à l' Eurovision (avec la France)
71%
Marie-Antoinette d'Autriche Guillotinée
71%
Iris Mittenaere Miss Univers
71%
Laurence Ferrari Journal de 20h de TF1
67%
Marie Myriam Chanteuse à l' Eurovision (avec la France)
66%
Anne-Claire Coudray Journal de 20h de TF1
66%
Isabelle Huppert Actrice dans "Huit Femmes" Film 2002
63%
Barbara Pravi Chanteuse à l' Eurovision (avec la France)
63%
Fanny Ardant Actrice dans "Huit Femmes" Film 2002
62%
Eugenie Le Sommer Footballeuse (+150 sélections)
60%
Simone Veil Académie Française
57%
Ludivine Sagnier Actrice dans "Huit Femmes" Film 2002
57%
Marguerite Yourcenar Académie Française
56%
Irène Joliot-Curie Prix Nobel
56%
Wendie Renard Footballeuse (+150 sélections)
55%
Hélène Rollès Série TV Hélène et Les Garçons
52%
Emmanuelle Béart Actrice dans "Huit Femmes" Film 2002
51%
Virginie Ledoyen Actrice dans "Huit Femmes" Film 2002
50%
Audrey Crespo-Mara Journal de 20h de TF1
48%
Jeanne du Barry Guillotinée
46%
Aurélie Filippetti Ministre de la Culture
46%
Danielle Darrieux Actrice dans "Huit Femmes" Film 2002
45%
Firmine Richard Actrice dans "Huit Femmes" Film 2002
45%
Olympe de Gouges Guillotinée
43%
Fleur Pellerin Ministre de la Culture
43%
Sylvie Vartan Épouse de Johnny Hallyday
41%
Charlotte Corday Guillotinée
41%
Eva Green James Bond Girl
41%
Muriel Hurtis Médaillée Mondiaux d' Athlétisme
41%
Adeline Blondieau Épouse de Johnny Hallyday
39%
Eunice Barber Médaillée Mondiaux d' Athlétisme
39%
Christine Arron Médaillée Mondiaux d' Athlétisme
39%
Léa Seydoux James Bond Girl
38%
Béatrice Schönberg Journal de 20h de TF1
38%
Hélène Carrère d'Encausse Académie Française
35%
Clémence Castel Gagnante de Koh Lanta
35%
Sophie Marceau James Bond Girl
35%
Mélina Robert-Michon Médaillée Mondiaux d' Athlétisme
35%
Rima Abdul Malak Ministre de la Culture
33%
Justine Triet Réalisatrice d'une Palme d'Or
32%
Claudie Haigneré Astronaute
30%
Gaétane Thiney Footballeuse (+150 sélections)
30%
Sylviane Agacinski Académie Française
26%
Laetitia Boudou Épouse de Johnny Hallyday
26%
Isabelle Aubret Chanteuse à l' Eurovision (avec la France)
24%
Laly Meignan Série TV Hélène et Les Garçons
23%
Joëlle Ursull Chanteuse à l' Eurovision (avec la France)
22%
Camille Abily Footballeuse (+150 sélections)
22%
Françoise Nyssen Ministre de la Culture
22%
Sonia Bompastor Footballeuse (+150 sélections)
21%
Lucile Desmoulins Guillotinée
21%
Annie Ernaux Prix Nobel
21%
Laura Georges Footballeuse (+150 sélections)
20%
Carole Bouquet James Bond Girl
20%
Julia Ducournau Réalisatrice d'une Palme d'Or
20%
Naoil Tita Gagnante de Koh Lanta
17%
Manuela Lopez Série TV Hélène et Les Garçons
17%
Laure Guibert Série TV Hélène et Les Garçons
17%
Chantal Thomas Académie Française
16%
Elise Bussaglia Footballeuse (+150 sélections)
16%
Nicole Rieu Chanteuse à l' Eurovision (avec la France)
15%
Maxine Eouzan Gagnante de Koh Lanta
15%
Olga Kurylenko James Bond Girl
15%
Manuela Montebrun Médaillée Mondiaux d' Athlétisme
15%
Audrey Azoulay Ministre de la Culture
13%
Dominique Bona Académie Française
12%
Danièle Sallenave Académie Française
11%
Sophie Adenot Astronaute
11%
Sandrine François Chanteuse à l' Eurovision (avec la France)
11%
Sandrine Soubeyrand Footballeuse (+150 sélections)
11%
Jade Handi Gagnante de Koh Lanta
11%
Lucille Cailly Joueuse de Poker (+700k de gains live)
11%
Manon Roland Guillotinée
10%
Cathy Andrieu Série TV Hélène et Les Garçons
10%
Florence Delay Académie Française
9%
Babeth Étienne Épouse de Johnny Hallyday
9%
Gaelle Baumann Joueuse de Poker (+700k de gains live)
9%
Bouchra Ghezielle Médaillée Mondiaux d' Athlétisme
9%
Alexandra Tavernier Médaillée Mondiaux d' Athlétisme
7%
Esther Duflo Prix Nobel
7%
Nina Morato Chanteuse à l' Eurovision (avec la France)
6%
Christelle Gauzet Gagnante de Koh Lanta
6%
Isabel Baltazar Joueuse de Poker (+700k de gains live)
6%
Sarah Herzali Joueuse de Poker (+700k de gains live)
6%
Christiane Martel Miss Univers
6%
Alexandra Pornet Gagnante de Koh Lanta
5%
Bérénice Marlohe James Bond Girl
5%
Jocelyne Villeton Médaillée Mondiaux d' Athlétisme
4%
Françoise Barré-Sinoussi Prix Nobel
4%
Emmanuelle Charpentier Prix Nobel
4%
Catherine Serre James Bond Girl
2%
Anne L'Huillier Prix Nobel
2%
Annick Thoumazeau Chanteuse à l' Eurovision (avec la France)
1%
Aucun quiz correspondant
Distribution des résultats
% des personnes avec chaque résultat
Percentile par nombre de réponses
Votre historique - résultats
Vous n’avez pas pris ce quiz